000 00958nam a2200229 i 4500
001 125694
003 ES-MaACL
005 20230906192701.0
007 t|
008 070214q1947 sp r ||||1| spa d
245 0 0 _aRationes decimarum hispaniae
_b: (1279-80) /
_ctranscripción, edición e índices de José Rius Serra.
260 _aBarcelona :
_b[s.n.],
_c[1947?] (
_fImp. Ausetana)
300 _a1 v. ;
_c25 cm.
490 1 _aTextos y estudios de la Corona de Aragón ;
_v8
500 _aPrecede al tít.: Consejo Superior de Investigaciones Científicas. Sección de Estudios Medievales de Barcelona.
505 8 _aContiene: Tomo II. Aragón y Navarra
700 1 _aRius Serra, José.
_997520
710 2 _aConsejo Superior de Investigaciones Científicas.
_bSección de Estudios Medievales de Barcelona.
_93251
830 0 _aTextos y estudios de la Corona de Aragón ;
_v8
_9219064
852 _aES-MaACL
_jP-766-bis
999 _c125694
_d125694